<?xml version="1.0" encoding="UTF-8"?>
<record
    xmlns:xsi="http://www.w3.org/2001/XMLSchema-instance"
    xsi:schemaLocation="http://www.loc.gov/MARC21/slim http://www.loc.gov/standards/marcxml/schema/MARC21slim.xsd"
    xmlns="http://www.loc.gov/MARC21/slim">

  <leader>00541pam a2200121a 44500</leader>
  <controlfield tag="008">230405s2006    xxu||||| |||| 00| 0 eng d</controlfield>
  <datafield tag="041" ind1=" " ind2=" ">
    <subfield code="a">MAR</subfield>
  </datafield>
  <datafield tag="100" ind1=" " ind2=" ">
    <subfield code="a">&#x921;&#x949; &#x938;&#x94C; &#x92D;&#x93E;&#x917;&#x94D;&#x92F;&#x936;&#x94D;&#x930;&#x940; &#x92E;&#x939;&#x93E;&#x926;&#x947;&#x935; &#x91C;&#x93E;&#x927;&#x935;</subfield>
  </datafield>
  <datafield tag="245" ind1=" " ind2=" ">
    <subfield code="a">&#x936;&#x93F;&#x935;&#x93E;&#x91C;&#x940; &#x935;&#x93F;&#x926;&#x92F;&#x93E;&#x92A;&#x940;&#x920;&#x93E;&#x91A;&#x947; &#x936;&#x93F;&#x932;&#x94D;&#x92A;&#x915;&#x93E;&#x930; &#x915;&#x941;&#x932;&#x917;&#x941;&#x930;&#x941; &#x921;&#x949; &#x906;&#x92A;&#x94D;&#x92A;&#x93E;&#x938;&#x93E;&#x939;&#x947;&#x92C; &#x92A;&#x935;&#x93E;&#x930; &#x91C;&#x93F;&#x935;&#x928; &#x906;&#x923;&#x93F; &#x915;&#x93E;&#x930;&#x94D;&#x92F;&#x947;</subfield>
  </datafield>
  <datafield tag="260" ind1=" " ind2=" ">
    <subfield code="a"></subfield>
    <subfield code="b">&#x936;&#x93F;&#x935;&#x93E;&#x91C;&#x940; &#x935;&#x93F;&#x926;&#x94D;&#x92F;&#x93E;&#x92A;&#x940;&#x920;</subfield>
    <subfield code="c">2006</subfield>
  </datafield>
  <datafield tag="300" ind1=" " ind2=" ">
    <subfield code="a">499</subfield>
  </datafield>
  <datafield tag="906" ind1=" " ind2=" ">
    <subfield code="a">5198</subfield>
  </datafield>
  <datafield tag="999" ind1=" " ind2=" ">
    <subfield code="c">296541</subfield>
    <subfield code="d">296541</subfield>
  </datafield>
  <datafield tag="952" ind1=" " ind2=" ">
    <subfield code="0">0</subfield>
    <subfield code="1">0</subfield>
    <subfield code="4">0</subfield>
    <subfield code="7">0</subfield>
    <subfield code="8">C</subfield>
    <subfield code="a">KVK</subfield>
    <subfield code="b">KVK</subfield>
    <subfield code="c">24</subfield>
    <subfield code="d">2011-01-06</subfield>
    <subfield code="e">&#x936;&#x93F;&#x935;&#x93E;&#x91C;&#x940; &#x935;&#x93F;&#x926;&#x94D;&#x92F;&#x93E;&#x92A;&#x940;&#x920;</subfield>
    <subfield code="g">140.00</subfield>
    <subfield code="l">0</subfield>
    <subfield code="p">KVK-S09143</subfield>
    <subfield code="r">2023-04-18 00:00:00</subfield>
    <subfield code="w">2023-04-18</subfield>
    <subfield code="y">BK</subfield>
  </datafield>
  <datafield tag="952" ind1=" " ind2=" ">
    <subfield code="0">0</subfield>
    <subfield code="1">0</subfield>
    <subfield code="4">0</subfield>
    <subfield code="7">0</subfield>
    <subfield code="8">C</subfield>
    <subfield code="a">KVK</subfield>
    <subfield code="b">KVK</subfield>
    <subfield code="c">24</subfield>
    <subfield code="d">2011-01-06</subfield>
    <subfield code="e">&#x936;&#x93F;&#x935;&#x93E;&#x91C;&#x940; &#x935;&#x93F;&#x926;&#x94D;&#x92F;&#x93E;&#x92A;&#x940;&#x920;</subfield>
    <subfield code="g">140.00</subfield>
    <subfield code="l">0</subfield>
    <subfield code="p">KVK-S09142</subfield>
    <subfield code="r">2023-04-18 00:00:00</subfield>
    <subfield code="w">2023-04-18</subfield>
    <subfield code="y">BK</subfield>
  </datafield>
</record>
